Orígenes de la lengua española / (Record no. 161061)

MARC details
000 -LEADER
campo de control de longitud fija 01635nam a22002295i 4500
001 - NÚMERO DE CONTROL
campo de control 161061
003 - IDENTIFICADOR DE NÚMERO DE CONTROL
campo de control ES-MaACL
005 - FECHA Y HORA DE LA ÚLTIMA TRANSACCIÓN
campo de control 20231227153619.0
008 - DATOS DE LONGITUD FIJA--INFORMACIÓN GENERAL
campo de control de longitud fija 940301s1873 sp |||| | spa d
040 ## - FUENTE DE CATALOGACIÓN
Centro catalogador/agencia de origen AR
Lengua de catalogación spa
245 00 - MENCIÓN DEL TÍTULO
Título Orígenes de la lengua española /
Mención de responsabilidad, etc. compuestos por varios autores ; recogidos por Gregorio Mayans y Siscar ; publicados por primera vez en 1737 y reimpresos ahora por la sociedad "La Amistad Librera"; con un prólogo de Juan Eugenio Hartzenbusch ; y notas... por Eduardo de Mier.
260 ## - PUBLICACIÓN, DISTRIBUCIÓN, ETC.
Lugar de publicación, distribución, etc. Madrid :
Nombre del editor, distribuidor, etc. Librería de Victoriano Suarez,
Fecha de publicación, distribución, etc. 1873 (
Fabricante imprenta y estereotipia de M. Rivadeneyra)
300 ## - DESCRIPCIÓN FÍSICA
Extensión XXXI, 485 p. ;
Dimensiones 22 cm.
505 8# - NOTA DE CONTENIDO CON FORMATO
Nota de contenido con formato Contiene: Diálogo de las lenguas / de Juan de Valdés. Íñigo López de Mendoça ... ordenó estos refranes que dicen las viejas tras el fuego, é van ordenados por la órden del A, B, C. Vocablos godos que tenemos en el romance, / recogidos por el Doctor Bernardo Aldrete. Vocablos arabigos.../ recogidos por el Doctor Bernardo Aldrete. Compendio de algunos vocablos arábigos recopilados por Francisco Lopez Tamarid. Exposición ...de los Nombres Arabigos. Vocablos / que el Dotor Bernardo Aldrete sacò del Fuero Juzgo...Bocabulario de Germania / compuesto por Juan Hidalgo. El arte de trobar / Enrique de Villena
597 ## - NOTA DE DESCRIPCIÓN FÍSICA
NOTA DE DESCRIPCIÓN FÍSICA Incluye [4] p. de propaganda ed.
650 04 - PUNTO DE ACCESO ADICIONAL DE MATERIA--TÉRMINO DE MATERIA
Término de materia o nombre geográfico como elemento de entrada Lengua española-
Subdivisión de forma Historia.
9 (RLIN) 14166
700 1# - ENTRADA AGREGADA--NOMBRE PERSONAL
Nombre de persona Mayáns y Siscar, Gregorio.
9 (RLIN) 79333
700 1# - ENTRADA AGREGADA--NOMBRE PERSONAL
Nombre de persona Hartzenbusch, Juan Eugenio,
Fechas asociadas al nombre 1806-1880
9 (RLIN) 62011
700 1# - ENTRADA AGREGADA--NOMBRE PERSONAL
Nombre de persona Mier, Eduardo de.
9 (RLIN) 129906
852 ## - LOCALIZACIÓN
Ubicación ES-MaACL
Número de control de estantería B-3020
Nota libre -- Enc. hol.
Holdings
Estatus retirado Estado de pérdida Estado de daño No para préstamo Colección Biblioteca de origen Biblioteca actual Ubicación en estantería Fecha de adquisición Fuente de adquisición Total de préstamos Signatura topográfica completa Código de barras Visto por última vez Precio de reemplazo Tipo de ítem Koha
        Libros del s. XIX Biblioteca del Ateneo de Madrid Biblioteca del Ateneo de Madrid Sala Pardo Bazán 17/01/2008     B-3020 1168697 23/02/2023 23/02/2023 Libro impreso antiguo